| 000 | 00631nam a2200193Ia 4500 | ||
|---|---|---|---|
| 003 | GCL | ||
| 008 | 140319s9999 xx 000 0 ara d | ||
| 020 | _a2715887977 | ||
| 040 |
_aGCL / _cGCL |
||
| 082 | 0 | 4 |
_a784.3 _bص ت |
| 100 | 1 | _aصابر محمد عبدالمجيد | |
| 245 | 1 | 0 |
_aالتحليل البلاغى للابداع الغنائى المعاصر / _cصابر محمد عبدالمجيد |
| 250 | _aالاولى | ||
| 260 |
_aالقاهرة : _bدار الاحمدى للنشر ، _c2003 |
||
| 300 |
_a190 ص ؛ _c20 سم |
||
| 650 | 0 | 4 | _aالغناء |
| 650 | 0 | 4 | _aعبدالحليم حافظ |
| 942 |
_2ddc _cBK |
||
| 999 |
_c5088 _d5088 |
||